[Event "Champions Showdown Kings Rapid 2019-B"]
[Site "Saint Louis"]
[Date "2019.02.21"]
[Round "8.2"]
[White "Nakamura, Hikaru"]
[Black "Duda, Jan-Krzysztof"]
[Result "1/2-1/2"]
[WhiteElo "2749"]
[BlackElo "2731"]
[Annotator "TA"]
[PlyCount "120"]
[EventDate "2019.02.09"]
[EventType "match (rapid)"]
[EventCountry "USA"]
[SourceTitle "playchess.com"]
[Source "ChessBase"]
[SourceQuality "1"]

{[%evp 9,120,17,24,29,29,27,29,25,38,13,5,14,0,0,28,21,14,0,4,-8,-2,-25,-24,-23,-16,-27,0,0,5,0,-7,0,0,-4,-9,0,-5,-12,-6,-10,-9,-20,-8,-3,29,23,64,0,0,0,5,0,0,0,0,-18,-22,-33,-19,-14,-12,-18,-15,-20,-10,-27,-13,-23,0,-3,0,0,0,-16,-16,-16,-16,-16,-18,-20,-15,-14,-14,-18,0,0,7,7,7,7,7,7,7,7,7,7,8,8,8,8,8,0,0,0,8,0,0,0,0,0,0,0,0]} 1. c4 e6 2. Nc3 d5 3. d4 Bb4 4. cxd5 exd5 5. Bf4 Nf6 6. e3 {D31: Queen's Gambit Declined: Semi-Slav without ...Nf6 (+ Marshall Gambit and Noteboom) and Exchange Variation lines without ...Nf6} O-O 7. Bd3 c5 8. Nge2 {White has an edge.} Bg4 9. O-O cxd4 10. exd4 Nc6 11. f3 Bh5 12. a3 Be7 13. Rc1 {[#]} (13. Bb1 {is more complex.} Bg6 14. Ba2 Na5 15. Re1 Re8 16. Bg3) 13... Bg6 $146 ({Predecessor:} 13... Rc8) 14. Bxg6 hxg6 15. Na4 Rc8 16. b4 Nh5 17. Be3 Bg5 18. f4 Bh4 19. f5 Ne7 20. fxg6 Nxg6 21. Rxc8 Qxc8 22. Qd3 Re8 23. Nac3 Qe6 24. Bd2 Bd8 25. Qf5 Nf6 26. Bg5 Qxf5 27. Rxf5 Ne7 $1 {[%cal Re7f5]} 28. Rf2 ({White should try} 28. Re5 $14) 28... Ne4 $11 29. Bxe7 {[#] Threatens to win with Nxe4.} Bxe7 30. Rf5 Nxc3 31. Nxc3 {[%mdl 4096] Endgame KRB-KRN} Bf6 32. Nxd5 Bxd4+ 33. Kf1 f6 34. Rf3 Rd8 35. Ne3 Kf7 36. Ke2 b5 37. h4 Bb2 38. Nd1 Bd4 39. Rd3 {The position is equal.} Ke6 40. Nc3 a6 41. a4 bxa4 42. Nxa4 Kd5 43. Nb6+ Kc6 44. Nc4 Kb5 45. Ne3 $1 Kxb4 46. Nf5 Kc4 47. Ra3 g6 48. Nxd4 Rxd4 49. Rxa6 {Black should prevent g3. KR-KR} Kd5 50. Rxf6 {[#] Black must now prevent g3.} Ke5 51. Rxg6 Rxh4 52. Kf3 Rf4+ 53. Kg3 {Intending Rg5+ and mate.} Ra4 54. Rg4 Ra8 55. Rf4 Rg8+ 56. Rg4 Ra8 57. Rf4 Rg8+ 58. Kf3 Rxg2 59. Re4+ Kd5 60. Kxg2 {Threatening mate with Kf3.} Kxe4 {Accuracy: White = 57%, Black = 69%.} 1/2-1/2

[Event "Champions Showdown Kings Rapid 2019-B"]
[Site "Saint Louis"]
[Date "2019.02.22"]
[Round "9.2"]
[White "Duda, Jan-Krzysztof"]
[Black "Nakamura, Hikaru"]
[Result "1-0"]
[WhiteElo "2731"]
[BlackElo "2749"]
[Annotator "TA"]
[PlyCount "87"]
[EventDate "2019.02.09"]
[EventType "match (rapid)"]
[EventCountry "USA"]
[SourceTitle "playchess.com"]
[Source "ChessBase"]
[SourceQuality "1"]

{[%evp 9,87,12,26,0,0,0,9,8,19,-20,10,-60,-68,-73,-75,-156,-146,-167,-106,-90,-113,-131,0,0,0,0,56,60,254,260,341,350,335,336,348,332,408,391,447,446,445,441,446,436,441,433,554,553,541,540,540,522,520,414,593,585,576,574,545,381,512,0,543,527,592,585,634,605,589,605,704,602,718,697,29976,29977,5110,658,29996,29997]} 1. e4 e5 2. Nf3 Nc6 3. Bb5 Nf6 4. d3 Bc5 5. c3 d5 6. exd5 {C65: Ruy Lopez: Berlin Defence (3...Nf6), unusual lines and 4 0-0 Bc5} (6. Nbd2 dxe4 7. dxe4 O-O 8. O-O Qe7 9. b4 Bd6 10. a3 a5 11. Rb1 axb4 12. axb4 Be6 13. Re1 Rfd8 14. Qc2 h6 15. Bf1 Ra2 16. Bb2 Qe8 {½-½ (56) Carlsen,M (2835)-Kramnik,V (2777) Wijk aan Zee 2019}) 6... Qxd5 {aiming for ...Bxf2+!} 7. Bc4 Qd6 8. O-O {The position is equal.} Bb6 $146 ({Predecessor:} 8... O-O 9. b4 Bb6 10. Nbd2 Bf5 11. Qe2 a6 12. a4 Rfe8 13. Ng5 {1-0 (52) Wang,H (2730)-Piorun,K (2634) St Petersburg 2018}) 9. b3 Bg4 10. Ba3 ({Better is} 10. Nbd2 $11) 10... Qd7 $1 $15 11. Nbd2 O-O-O 12. Qc2 (12. Ne4 $142) 12... Rhe8 $17 13. Rae1 Nh5 (13... Nd5 $1 $19 14. Bb5 Qf5) 14. Ng5 Nf4 15. Nxf7 Bh5 (15... Bh3 $1 $17 {[%cal Rh3g2]} 16. g3 (16. Nxd8 $2 Bxg2 17. Qd1 Rxd8 $19) 16... Bxf1 17. Rxf1 Nh3+ 18. Kg2 Nxf2 $1 {[%mdl 512]} 19. Rxf2 Bxf2 20. Nxd8 (20. Kxf2 b5 $15) 20... Nxd8 21. Kxf2 b5) 16. Nxd8 $11 Qg4 {[%csl Gf4][%cal Rg4g2]} 17. Bd5 {Threatens to win with Bf3.} Rxd8 (17... e4 $11 18. g3 Nh3+ 19. Kg2 Nf4+ 20. Kg1 Nh3+ 21. Kg2 Nf4+ 22. Kg1) 18. Bf3 Qg6 $2 (18... Qg5 $1 $14 19. Be4 (19. Ne4 Qg6 $17) 19... Bg6) 19. Be4 $18 Qg4 {[#]} 20. Nc4 $1 Bg6 {Strongly threatening ...Bxe4.} 21. Nxb6+ axb6 22. f3 Qg5 23. Bc1 Qh5 24. Bxf4 exf4 25. d4 Ne7 26. Qc1 Qg5 27. Qa3 Bxe4 28. Rxe4 Nf5 29. Qa8+ Kd7 30. Qa4+ Kc8 31. Re8 Kb8 (31... Ne3 $142 32. Qa8+ Kd7 33. Rxd8+ Qxd8 34. Qxd8+ Kxd8) 32. Qd7 Rxe8 33. Qxe8+ {[%mdl 4096] Endgame KQR-KQN} Ka7 34. Qa4+ Kb8 35. Qe8+ Ka7 36. Qe5 g6 37. a4 {[%cal Ba2a4,Ba4a5,Ba5a6,Ba6a7][%mdl 32]} Kb8 38. Ra1 Qd8 39. a5 b5 40. Qxb5 Qe7 41. a6 {[%csl Ga6][%cal Rb5b7]} Qe3+ 42. Kh1 {[%csl Ga6][%cal Rb5b7]} Nd6 43. Qe5 Qxc3 44. a7+ {Accuracy: White = 51%, Black = 47%.} 1-0

[Event "Champions Showdown Kings Rapid 2019-B"]
[Site "Saint Louis"]
[Date "2019.02.19"]
[Round "10.2"]
[White "Nakamura, Hikaru"]
[Black "Duda, Jan-Krzysztof"]
[Result "1-0"]
[WhiteElo "2749"]
[BlackElo "2731"]
[Annotator "TA"]
[PlyCount "65"]
[EventDate "2019.02.09"]
[EventType "match (rapid)"]
[EventCountry "USA"]
[SourceTitle "playchess.com"]
[Source "ChessBase"]
[SourceQuality "1"]

{[%evp 9,65,20,19,16,33,37,25,36,40,23,17,14,72,47,104,101,101,77,76,67,68,75,83,60,64,72,78,83,105,107,93,80,91,62,66,62,76,35,38,37,63,63,68,56,77,14,98,99,195,81,264,271,386,247,394,390,1258,1186]} 1. e4 e5 2. Nf3 Nf6 3. d4 Nxe4 4. Bd3 Nc6 5. Nxe5 Nxe5 6. dxe5 {C43: Petroff Defence: 3 d4} (6. Bxe4) 6... d5 7. exd6 Nxd6 8. O-O {White has an edge.} Be7 9. Nc3 O-O 10. Nd5 $146 ({Predecessor:} 10. Bf4 Bd7 11. Qf3 {½-½ (59) Staib,C-Bonitz,R Waldshut 2002}) 10... Bf5 (10... Re8 $11) 11. Bf4 $16 Bg6 (11... Bxd3 $14 12. Qxd3 Re8) 12. c4 $1 b6 13. Re1 Re8 14. Bxg6 hxg6 15. Qa4 Bf6 16. Qc6 Bxb2 17. Rad1 Ba3 {[#]} 18. Ne7+ $1 {[%mdl 512]} Kf8 (18... Rxe7 19. Rxe7) 19. Bg5 f6 20. Nxg6+ {[%cal Be7g6,Bg6f4,Bf4d5][%mdl 32]} Kg8 21. Be3 Bb4 22. Rf1 Qc8 $1 23. Nf4 {And now Nd5 would win.} Nf7 24. c5 $36 {[%mdl 2048] Nd5 is the strong threat. White has good play.} Bxc5 25. Bxc5 bxc5 26. Nd5 Re5 27. Qxc5 ({Much weaker is} 27. Nxc7 Rb8 $11) ({White should play} 27. f4 $16 Re6 28. Qxc5) 27... Qg4 (27... Qe6 $1 $11 {keeps the balance.}) 28. Qxc7 Ng5 {[#]} (28... Qe6 $16) 29. Rd3 ({Don't go for} 29. Ne7+ $2 {[#]} Rxe7 $1 {[%mdl 512]} 30. Qg3 Qe2 $19) (29. f3 $1 $18 {[%cal Rf3g4] has better winning chances.} Qe6 30. Qb7) 29... Rxd5 $2 (29... Rae8 $16) 30. Rxd5 $18 Nh3+ 31. Kh1 Nf4 (31... Qe2 $142 32. Qc1 Nxf2+ 33. Kg1 Ng4) 32. Rd8+ {[%mdl 64] Double Attack} Kh7 $2 (32... Rxd8 33. Qxd8+ Kh7) 33. Qc2+ {Accuracy: White = 65%, Black = 40%.} 1-0

[Event "Champions Showdown Kings Rapid 2019-B"]
[Site "Saint Louis"]
[Date "2019.02.19"]
[Round "11.2"]
[White "Duda, Jan-Krzysztof"]
[Black "Nakamura, Hikaru"]
[Result "1/2-1/2"]
[WhiteElo "2731"]
[BlackElo "2749"]
[Annotator "TA"]
[PlyCount "149"]
[EventDate "2019.02.09"]
[EventType "match (rapid)"]
[EventCountry "USA"]
[SourceTitle "playchess.com"]
[Source "ChessBase"]
[SourceQuality "1"]

{[%evp 18,149,-1,20,31,35,31,18,28,25,22,26,35,29,35,27,73,47,43,55,86,87,248,252,253,268,251,264,271,267,251,86,85,98,97,100,84,58,104,104,96,104,91,105,165,156,297,286,760,21,315,309,407,418,369,0,0,0,0,0,0,0,0,0,0,0,0,0,91,62,5543,5539,12833,7950,5502,-148,-147,-210,-24,-24,-24,-24,-24,-24,-24,-24,-24,-114,-103,-103,-103,-103,-103,-103,-103,-103,-103,-103,-103,-103,-103,-103,-103,-103,-103,-103,-103,-103,-103,-103,-103,-103,-103,-103,-103,-103,-102,-103,-102,-102,-12,-12,-12,-12,-12,-12,-12,-12,-12,-12,-11,-11,8,8]} 1. c4 Nf6 2. Nf3 e6 3. g3 d5 4. b3 d4 5. Bg2 c5 6. e3 {A13: English Opening: 1...e6} Nc6 7. exd4 cxd4 8. O-O Be7 9. d3 Nd7 10. Na3 {LiveBook: 3 Games} O-O 11. Nc2 e5 12. Rb1 a5 13. a3 Nc5 14. b4 axb4 15. axb4 Na4 $1 {[%cal Ra4c3] And now ...Nc3 would win.} 16. Bd2 $1 {[#]} f6 $146 17. Nh4 g5 18. Nf3 Bf5 19. b5 Nb8 $2 {[#]} (19... Na5 $16) 20. Nfxd4 $1 $18 {[%mdl 512]} exd4 21. Bxb7 Ra7 22. Bd5+ Kh8 23. Nxd4 Bh3 24. Qh5 $2 (24. Re1 $18 {is more deadly.}) 24... Bxf1 $16 25. Kxf1 Qe8 26. Qf3 {[%mdl 1024] White has strong compensation.} Nb6 27. Be4 Bc5 28. Nb3 $1 $40 {[%cal Rb3c5][%mdl 128] White goes for the king.} Ra2 29. Qf5 {[%csl Ge4][%cal Rf5h7]} Qe7 {[#]} 30. Be1 $1 Ba3 (30... N8d7 $16) 31. c5 $18 {[%cal Bc4c5,Bc5c6][%mdl 32]} Na4 (31... Nc8 $16) 32. c6 Nc5 $2 {[#]} (32... Bd6 33. Nd4 Ra3) 33. Bc3 $2 ({Only move:} 33. Nxc5 $1 $18 Bxc5 34. b6 Nxc6 35. Bxc6) 33... Nxb3 $4 {[%mdl 8192]} (33... Nxe4 $11 {and Black stays safe.} 34. dxe4 Rc2) 34. Rxb3 Bc5 35. d4 Bd6 36. b6 $2 (36. d5 $18) 36... Nxc6 $1 $11 37. Bxc6 {aiming for b7.} Qe2+ 38. Kg2 Bf4 39. Bb2 Rxb2 40. Rxb2 Qxb2 41. Be4 {[%csl Ge4][%cal Rf5h7]} Rf7 42. Qe6 Qxd4 (42... Qe2 $1 $11 {remains equal.}) 43. gxf4 {[%mdl 4096] Endgame KQR-KQB} ({Much weaker is} 43. Qxf7 $6 Qxe4+ 44. Kg1 Qe1+ 45. Kg2 Qe4+ 46. Kg1 Qe1+ 47. Kg2 Qe4+ $11) 43... Qb4 $2 {[%mdl 8192]} (43... Rg7 $14) 44. b7 $18 Rf8 {[#]} 45. b8=Q $1 {[%mdl 512]} Qxb8 46. Qe7 $2 (46. Qd7 $18 {[%csl Ge4][%cal Rd7h7]} f5 47. Qd4+ (47. Bxf5 Qa8+ 48. Kg3 gxf4+ 49. Kxf4 Qb8+ 50. Kg4 Rg8+ 51. Kf3 Qb3+ 52. Ke4 Qc4+ 53. Ke3 Qc3+ 54. Ke4 Qc4+ 55. Ke3 Qc1+ 56. Ke4 Qc4+ $17) 47... Kg8 48. Bd5+ Rf7 49. Qf6) 46... f5 $17 47. Bd5 (47. Bc2 $17) 47... Qd8 $2 (47... gxf4 $19 {Threatens to win with ...Qe8.} 48. Kf3 Qe8 49. Qxe8 Rxe8) 48. Qe5+ $11 Qf6 49. Qxf6+ Rxf6 50. fxg5 {KR-KB} Rd6 51. Bf3 h6 52. gxh6 (52. h4 $11 {keeps the balance.}) 52... Kh7 53. Kg3 Rd4 54. h4 Kxh6 55. Be2 Kg6 56. f4 Rb4 57. h5+ Kf6 58. Bd1 Rb1 59. Bf3 Rb3 60. Kf2 Rb8 61. Kg3 Rg8+ 62. Kf2 Ke7 63. Bd1 Rg7 64. Be2 Kf6 65. Bf3 Ra7 66. Bd5 Ra3 67. Bf3 Ke7 68. Kg3 Kd7 (68... Rd3 $17 69. Kf2 Kf6) 69. h6 {The position is equal.} Ra6 70. Kh4 ({Don't go for} 70. h7 $2 Rh6 $19) 70... Rxh6+ 71. Kg5 Rh3 72. Bd5 Rd3 73. Bf7 Rd4 74. Kxf5 Rxf4+ 75. Kxf4 {Precision: White = 65%, Black = 46%.} 1/2-1/2

[Event "Champions Showdown Kings Rapid 2019-B"]
[Site "Saint Louis"]
[Date "2019.02.19"]
[Round "12.2"]
[White "Nakamura, Hikaru"]
[Black "Duda, Jan-Krzysztof"]
[Result "1-0"]
[WhiteElo "2749"]
[BlackElo "2731"]
[Annotator "TA"]
[PlyCount "65"]
[EventDate "2019.02.09"]
[EventType "match (rapid)"]
[EventCountry "USA"]
[SourceTitle "playchess.com"]
[Source "ChessBase"]
[SourceQuality "1"]

{[%evp 16,64,8,9,11,14,7,16,23,0,31,0,27,25,10,23,21,26,104,94,94,98,101,106,98,48,113,113,112,101,108,72,103,80,86,67,212,222,221,218,384,382,364,365,420,327,1191,1191,29997,29998,29999]} 1. c4 e6 2. Nc3 Nf6 3. e4 d5 4. e5 d4 5. exf6 dxc3 6. bxc3 Qxf6 7. Nf3 b6 8. d4 Bb7 9. Bd3 Bxf3 {A18: English Opening: Flohr-Mikenas System (1 c4 Nf6 2 Nc3 e6 3 e4)} 10. Qxf3 Qxf3 11. gxf3 Nc6 $146 {The position is equal.} ({Predecessor:} 11... Bd6 12. a4 Nc6 13. Be4 Kd7 14. Ke2 Rae8 15. Bxc6+ Kxc6 16. f4 g6 17. Be3 {1-0 (40) Karjakin,S (2783)-Nakamura,H (2786) chess.com INT 2017}) 12. Be3 Na5 13. Rb1 Be7 14. Ke2 f5 15. c5 $36 {[%mdl 2048] White fights for an advantage.} g5 16. f4 g4 (16... h6 $1 $11 {remains equal.}) 17. h3 $16 gxh3 18. Rxh3 h5 {[#]} 19. d5 $1 {[%cal Rd5e6]} exd5 20. Bxf5 h4 (20... Bf6 $14) 21. Be6 c6 22. Bd4 Rf8 23. f5 {Hoping for Rg1.} ({Reject} 23. cxb6 $6 axb6 24. Kf3 Nc4 $11) 23... Nb7 24. cxb6 axb6 25. Rxb6 Rxa2+ ({Black should play} 25... Nd8 $1 $14) 26. Kf1 $18 Nd8 {[#]} 27. Re3 $1 h3 $2 (27... Ra8 {is a better defense.} 28. Kg2 Bd6 29. Bxd5+ Kd7) 28. Rxh3 c5 29. Be3 Nxe6 30. Rxe6 {aiming for Bxc5.} d4 $2 (30... Rxf5 31. Bxc5 Rf7) 31. Bg5 Rxf5 32. Rxe7+ Kf8 33. Rh8# {Accuracy: White = 73%, Black = 38%.} 1-0